00635nam a2200205Ia 450000500170000000800410001702000180005804000180007604100080009408200210010210000230012324500560014625000120020226000460021430000240026065000380028465000380032265000510036070000180041120230207094420.0210716s2013 xx 000 0 und d a9788126542000 cAIMIT LIBRARY aeng a658.84 21bMOHS aMohapatra, Sanjay. aE-marketing /cBy Sanjay Mohapatra and Suman Kanth. a1st ed. aNew Delhi :bWiley India Pvt Ltd ,c2013. axxv,174p. ;c23 cm. aProduct design for online channel aFuture trend in digital marketing aManaging multiple sales and marketing channels aKanth, Suman.